Online
Catalog

Antología poética / (Record no. 2922)

MARC details
000 -CABECERA
campo de control de longitud fija 00730cam a2200217 a 4500
001 - NÚMERO DE CONTROL
campo de control 000003091
005 - FECHA Y HORA DE LA ÚLTIMA TRANSACCIÓN
campo de control 20200929150327.0
008 - DATOS DE LONGITUD FIJA--INFORMACIÓN GENERAL
campo de control de longitud fija 780928s1974 ve 001 p spa
040 ## - FUENTE DE LA CATALOGACIÓN
Centro catalogador/agencia de origen DO-SdBNP
Centro/agencia transcriptor DLC
Centro/agencia modificador DLC
082 ## - NÚMERO DE LA CLASIFICACIÓN DECIMAL DEWEY
Número de clasificación V861.4408
Número de documento/Ítem B532a
100 1# - ENTRADA PRINCIPAL--NOMBRE DE PERSONA
Nombre de persona Beroes, Juan,
Fechas asociadas al nombre 1914-1975.
9 (RLIN) 9758
245 10 - MENCIÓN DE TÍTULO
Título Antología poética /
Mención de responsabilidad, etc. Juan Beroes ; prólogo y selección de José Ramón Medina.
260 ## - PUBLICACIÓN, DISTRIBUCIÓN, ETC.
Lugar de publicación, distribución, etc. Caracas :
Nombre del editor, distribuidor, etc. Monte Avila.,
Fecha de publicación, distribución, etc. 1974.
300 ## - DESCRIPCIÓN FÍSICA
Extensión xxxii, 255 p. ;
Dimensiones 20 cm.
440 #0 - MENCIÓN DE SERIE/PUNTO DE ACCESO ADICIONAL--TÍTULO
Título Colección Altazor
9 (RLIN) 9759
650 #4 - PUNTO DE ACCESO ADICIONAL DE MATERIA--TÉRMINO DE MATERIA
Término de materia o nombre geográfico como elemento de entrada Poesía venezolana
9 (RLIN) 4230
650 #4 - PUNTO DE ACCESO ADICIONAL DE MATERIA--TÉRMINO DE MATERIA
Término de materia o nombre geográfico como elemento de entrada Literatura venezolana
9 (RLIN) 3816
700 1# - PUNTO DE ACCESO ADICIONAL--NOMBRE DE PERSONA
Nombre de persona Medina, José Ramón
Fechas asociadas al nombre 1921-
Término indicativo de función/relación pról.
9 (RLIN) 9760
910 ## - DATOS DE OPCIÓN DEL USUARIO (OCLC)
Datos de opción del usuario Catalogación por copia / LC
910 ## - DATOS DE OPCIÓN DEL USUARIO (OCLC)
Datos de opción del usuario Jornada de catalogación
Holdings
Estado de retiro Estado de pérdida Restricciones de uso No para préstamo Código de colección Localización permanente Ubicación/localización actual Ubicación en estantería Fecha de adquisición Número de inventario Total de préstamos Signatura topográfica completa Código de barras Fecha visto por última vez Número de copia Precio válido a partir de Tipo de ítem Koha Fuente de adquisición
    Préstamo restringido Préstamo restrigido Monografías: Libros y Folletos General General Depósito 06.07.2009 LF1   V861.4408 B532a 3091-20 25.06.2020 e.2 25.06.2020 Préstamo interno  
    Préstamo interno   Monografías: Libros y Folletos General General Depósito 23.07.2009 LF1   V861.4408 B532a 3091-10 25.06.2020   25.06.2020 Préstamo interno 002344

Powered by Koha